Statistics for Compositions by Gustav Mahler

Click here to take the quiz!

General Stats

  • This quiz has been taken 71 times
  • The average score is 13 of 23

Answer Stats

YearAnswer% Correct
1884-88Symphony No. 1
100%
1888-94Symphony No. 2
100%
1906-07Symphony No. 8
100%
1894-96Symphony No. 3
98%
1899-1901Symphony No. 4
98%
1901-02Symphony No. 5
98%
1903-04Symphony No. 6
98%
1904-05Symphony No. 7
98%
1909-10Symphony No. 9
96%
UnfinishedSymphony No. 10
95%
1908-09Das Lied von der Erde
72%
1876Piano Quartet in A Minor
61%
1901-04Kindertotenlieder
58%
1901-04Rückert-Lieder
40%
1892-1901Des Knaben Wunderhorn
39%
1885-86Lieder eines fahrenden Gesellen
26%
1878-80Das Klagende Lied
18%
1887-88Die Drei Pintos adaption
9%
1892Das himmlische Leben
4%
1880Three Lieder
4%
1880-83Lieder und Gesänge Vol. I
2%
1887-90Lieder und Gesänge Vol. II
2%
1887-90Lieder und Gesänge Vol. III
2%

Score Distribution

Percentile by Number Answered

Percent of People with Each Score

Your Score History

You have not taken this quiz